| LEADER |
00912nam0a2200181 450 |
| 001 |
16833533 |
| 010 |
|
|
|a 978-2-84492-964-8
|b br.
|d 23,1
|
| 100 |
|
|
|a 20181227d2019 u u0frey01 ba
|
| 101 |
0 |
|
|a fre
|
| 102 |
|
|
|a FR
|
| 200 |
0 |
|
|a Entrez dans la danse
|f Jean Teulé
|
| 207 |
|
1 |
|a
|
| 215 |
|
|
|a 1 vol. (184 p.)
|d 24 x 15 cm
|
| 330 |
|
|
|a Strasbourg, le 12 juillet 1518. Dans une ville assommée par la canicule et ravagée par la maladie, une femme en transe, mue par une force irrépressible, danse, tournant durant des heures autour d'elle-même. Comme aimantés, des hommes et des femmes commencent à la suivre et à l'imiter, par dizaines puis par centaines, jusqu'à tomber morts d'épuisement.
|
| 700 |
|
0 |
|a Teulé
|b Jean
|f 1953-....
|4 70
|
| 900 |
|
|
|a Roman (gros caractères)
|
| 901 |
|
|
|a Accessible au prêt
|
| 995 |
|
|
|a Bibliothèque
|c Bibliothèque
|f 00156009982851
|h 00156009982851
|k R TEU
|o p
|q a
|r az
|e Bibliothèque
|